Online
Catalog

Las voces de la ciudad : (Record no. 5196)

MARC details
000 -CABECERA
campo de control de longitud fija 01444nam a2200301 a 4500
001 - NÚMERO DE CONTROL
campo de control 000005396
003 - IDENTIFICADOR DEL NÚMERO DE CONTROL
campo de control DO-SdBNP
005 - FECHA Y HORA DE LA ÚLTIMA TRANSACCIÓN
campo de control 20240417103021.0
008 - DATOS DE LONGITUD FIJA--INFORMACIÓN GENERAL
campo de control de longitud fija 090819s1994 sp a 001 0 spa d
020 ## - NÚMERO INTERNACIONAL ESTÁNDAR DEL LIBRO
Número Internacional Estándar del Libro 8400066847
040 ## - FUENTE DE LA CATALOGACIÓN
Centro catalogador/agencia de origen DO-SdBNP
Lengua de catalogación spa
Centro/agencia transcriptor BNPHU
049 ## - FONDOS LOCALES (OCLC)
Fondos de biblioteca BNPD
082 ## - NÚMERO DE LA CLASIFICACIÓN DECIMAL DEWEY
Número de clasificación 016.97253
Número de documento/Ítem S684v
100 1# - ENTRADA PRINCIPAL--NOMBRE DE PERSONA
Nombre de persona Solano, Francisco de
9 (RLIN) 15306
245 14 - MENCIÓN DE TÍTULO
Título Las voces de la ciudad :
Resto del título México a través de sus impresos (1539-1821) /
Mención de responsabilidad, etc. Francisco de Solano.
260 ## - PUBLICACIÓN, DISTRIBUCIÓN, ETC.
Lugar de publicación, distribución, etc. Madrid, España :
Nombre del editor, distribuidor, etc. Consejo Superior de Investigaciones Científicas,
Fecha de publicación, distribución, etc. 1994.
300 ## - DESCRIPCIÓN FÍSICA
Extensión ixx, 330 p. :
Otras características físicas il. ;
Dimensiones 24 cm.
490 0# - MENCIÓN DE SERIE
Mención de serie Biblioteca de Historia de América
Designación de volumen o secuencia 9
500 ## - NOTA GENERAL
Nota general Incluye índice analítico
505 0# - NOTA DE CONTENIDO CON FORMATO
Información miscelánea Preámbulo --
Título Estudio preliminar --
-- Historias generales de la conquista, fundación y descripciones de la ciudad de México --
-- Vida diaria --
-- Vida festiva --
-- Desorganización de la ciudad de México --
-- La ciudad de México en la transición (1808/1821) --
-- Índices analíticos.
650 #4 - PUNTO DE ACCESO ADICIONAL DE MATERIA--TÉRMINO DE MATERIA
Término de materia o nombre geográfico como elemento de entrada Imprenta
Subdivisión general Historia
Subdivisión geográfica Ciudad De México
9 (RLIN) 15310
Subdivisión de forma Bibliografías
651 #4 - PUNTO DE ACCESO ADICIONAL DE MATERIA--NOMBRE GEOGRÁFICO
Nombre geográfico Ciudad De México
Subdivisión general Historia
9 (RLIN) 15307
Subdivisión de forma Bibliografías
651 #4 - PUNTO DE ACCESO ADICIONAL DE MATERIA--NOMBRE GEOGRÁFICO
Nombre geográfico Ciudad de México
Subdivisión general Vida social y costumbres
Subdivisión cronológica 1810
Subdivisión general Bibliografías
9 (RLIN) 15308
651 #4 - PUNTO DE ACCESO ADICIONAL DE MATERIA--NOMBRE GEOGRÁFICO
Nombre geográfico Ciudad De México
Subdivisión general Historia
Subdivisión cronológica Colonia, 1521-1821
9 (RLIN) 15309
Subdivisión de forma Bibliografías
830 #0 - PUNTO DE ACCESO ADICIONAL DE SERIE-TÍTULO UNIFORME
Título uniforme Biblioteca de Historia de América
Número de parte o sección de la obra 9
9 (RLIN) 15311
910 ## - DATOS DE OPCIÓN DEL USUARIO (OCLC)
Datos de opción del usuario Validado. Control de calidad. EMS
942 ## - ELEMENTOS DE PUNTO DE ACCESO ADICIONAL (KOHA)
Fuente del sistema de clasificación o colocación Dewey Decimal Classification
Tipo de ítem Koha Libro
Holdings
Estado de retiro Estado de pérdida Restricciones de uso No para préstamo Código de colección Localización permanente Ubicación/localización actual Ubicación en estantería Fecha de adquisición Número de inventario Total de préstamos Signatura topográfica completa Código de barras Fecha visto por última vez Precio válido a partir de Tipo de ítem Koha
        Monografías: Libros y Folletos General General Depósito 19.08.2009 LF1   016.97253 S684v 5396-10 25.06.2020 25.06.2020 Préstamo en sala

Powered by Koha